00547 2200181 4500245010400000020002200104250001100126100002500137700002800162650002200190005001900212260004100231041001400272084001100286300002800297490003100325336000900356 aBadai Pasti Berlalu b : Padamkan Burnoutmu, Bingkai Kembali BahagiamucAstrid Regina SapiiehText a978-623-00-2743-7 aCet. 1 aAstrid Regina Sapiie aNaftalia Kusumawardhani aPengembangan Diri a20241007145202 aJakartabElex Media Komputindoc2021 aIndonesia a155.25 axxv, 203 hlm. :c21 cm. aSeri Psikologi Populer #02 atext